Bir Alman'ın hikayesi : (Record no. 15047)

MARC details
000 -BAŞLIK
Sabit Uzunlukta Kontrol Alanı 00802nam a22002297a 4500
999 ## - SİSTEM KONTROL NUMARALARI (KOHA)
Koha Biblionumber 15047
Koha Biblioitemnumber 15047
003 - KONTROL NUMARASI IDENTIFIER
Denetim Alanı MIRAKIL
005 - SON İŞLEM TARİHİ VE ZAMANI
Denetim Alanı 20221024114010.0
008 - SABİT-BOY VERİ ELEMANLARI - GENEL BİLGİLER
Sabit Uzunlukta Kontrol Alanı 221024b tu ||||| |||| 00| 0 tur d
020 ## - ULUSLARARASI STANDART KİTAP NUMARASI
Uluslararası Standart Kitap Numarası 9789750524332
040 ## - KATALOGLAMA KAYNAK
Orijinal Kataloglama Ajansı TR-AnCHP
Metne Dönüştürmek Ajansı TR-AnCHP
041 ## - DİL KODU
Metin / Ses Parça Veya Ayrı Başlığın Dil Kodu tur
082 ## - DEWEY ONLU SINIFLANDIRMA NUMARASI
Sınıflandırma Numarası 943.085092
Ürün Numarası H22b 2020
100 ## - ANA GİRİŞ - KİŞİSEL İSİM
Kişisel Ad Haffer, Sebastıan
245 10 - BAŞLIK TABLOSU
Başlık Bir Alman'ın hikayesi :
Başlığın Kalan hatırladıklarım (1914-1933) /
Sorumluluk Tablosu, Vb Sebastian Haffner ; çeviren: Hulki Demirel
260 ## - YAYIN, DAĞITIM, VB
Yayın, Dağıtım, Vb Yeri İstanbul :
Yayıncı, Dağıtıcı, Vs Adı İletişim yayınları,
Yayın, Dağıtım, Vb Tarihi 2020.
300 ## - FİZİKSEL TANIM
Kapsam 270 s.:
Boyutlar 19 sm.
490 0# - SERİSİ TABLOSU
Seri Beyanı İletişim yayınları ;
-- Politika dizisi ;
Hacim / Ardışık Tanımı 2634.
-- 176.
600 #0 - KONU KATMA GİRİŞ - KURUMSAL ADI
9 (RLIN) 7227
Kişisel Ad Haffner, Sebastıan
Başlıklar Ve Bir Adla İlişkili Diğer Kelimeler Tarihçi
Bir Adıyla İlişkilendirilen Tarihler 1907-1999
Genel Alt Bölümü Yaşamöyküsü
651 #0 - KONU KATMA GİRİŞ - COĞRAFİ ADI
9 (RLIN) 5331
Coğrafi İsim Almanya
Genel Alt Bölümü Tarih
Kronolojik Alt Bölümü 1914-1933
700 ## - KATMA GİRİŞ - KİŞİSEL İSİM
9 (RLIN) 7228
Kişisel Ad Demirel, Hulki
Relator Terim çev.
942 ## - EKLENDİ GİRİŞ ELEMANLARI (KOHA)
Sınıflandırma Veya Raf Düzeni Kaynak Dewey Decimal Classification
Koha Öğesi Türü Books
Holdings
Kalıcı Konum Mevcut Konum Edinme Tarihi Toplam Check-Out'Lar Tam Çağrı Numarası Barkod Tarih Son Görülme İtibaren Geçerli Fiyatlar Koha Öğesi Türü
CHP Kütüphanesi CHP Kütüphanesi 10/24/2022   943.085092 H22b 2020 020591 10/24/2022 10/24/2022 Books